000 00574nam a2200181 4500
999 _c171127
_d171127
005 20200107111421.0
010 _aENG-127281
020 _a9789352807628
_c450.00
035 _aEN-110813
037 _bDBAD/PUB
082 _a658.3124
100 _aSunil Unny Guptan
245 _aMentoring 2.0 :
_cby Sunil Unny Guptan
_bA Practitioners's Guide to Changing Lives /
260 _aNew Delhi
_bSage
_c2018
270 _aB1/1-1 Mohan cooperative Industrial Area Mathura road
_b New Delhi
_e110044
300 _axxiv224p.
_c22cm(pbk)
942 _2ddc
_cEN
_h658-3124
_mSUN